Honey, Honey - ABBA Lyrics (Mamma Mia Movie) - Statistics

General Stats
  • This quiz has been taken 135 times
  • The average score is 143 of 190
Answer Stats
% Correct
ah-ha
100%
ah-ha,
100%
Chorus Honey,
100%
honey,
100%
honey
100%
me
95%
me,
95%
how
93%
I
91%
(I
91%
he
90%
a
85%
you
85%
Verse You
85%
(You
85%
thrill
83%
to
80%
Verse The
78%
(The
78%
(the
78%
the
78%
when
78%
know
77%
before
75%
thrills
75%
kill
74%
love
74%
makes
73%
what
73%
And
72%
dizzy
72%
heard
72%
nearly
72%
do
70%
mean
70%
more
70%
now
70%
Oh,
70%
some
70%
about
69%
machine
68%
wanted
68%
kills
67%
that
67%
way
65%
your
65%
it,
64%
kiss
64%
He's
60%
feel
59%
hold
59%
they
59%
baby,
58%
don't
58%
tight
58%
tight)
58%
like
57%
night
57%
you're
57%
good
56%
see
56%
thing
56%
him
55%
let
50%
look
49%
movie
49%
touch
49%
holding
48%
star
48%
star)
48%
who
48%
Outro | Verse I'd
47%
are
44%
are)
44%
I'm
43%
conceal
42%
just
42%
goodnight)
41%
beast
36%
But
35%
say
34%
wanna
34%
least
32%
doggone
27%
sing
24%
ah-ha
22%
No matching quizzes found
Score Distribution
Percent of People with Each Score
Percentile by Number Answered
Your Score History
You have not taken this quiz